[Event "Zabrze Mayor's Cup 34th"]
[Site "Zabrze"]
[Date "2011.09.30"]
[Round "10"]
[White "Czornik, Janusz"]
[Black "Klementys, Jerzy"]
[Result "1-0"]
[WhiteElo "1838"]
[BlackElo "1825"]
[PlyCount "95"]
[EventDate "2011.09.23"]
[EventType "swiss"]
[EventRounds "10"]
[EventCountry "POL"]
[SourceTitle "CBM 144 Extra"]
[Source "ChessBase"]
[SourceDate "2011.10.28"]
[SourceVersion "1"]
[SourceVersionDate "2011.10.28"]
[SourceQuality "1"]

1. e4 c5 2. Nf3 d6 3. d4 cxd4 4. Nxd4 Nf6 5. Nc3 a6 6. Bg5 e6 7. f4 Be7 8. Qf3 Qc7 9. 0-0-0 Nbd7 10. g4 b5 11. Bxf6 Nxf6 12. g5 Nd7 13. f5 Bxg5+ 14. Kb1 Ne5 15. Qh5 Qe7 16. Rg1 Bf6 17. fxe6 0-0 18. Nf5 g6 19. Rxd6 Qc7 20. Nd5 Kh8 21. Nxc7 gxh5 22. Nxa8 fxe6 23. Ng3 Nf3 24. Rh1 h4 25. Nh5 Be7 26. Rd1 Bb7 27. Nc7 Bxe4 28. Nxe6 Rf5 29. Bd3 Bxd3 30. Rxd3 Ne5 31. Nhf4 Nxd3 32. cxd3 Kg8 33. Rg1+ Kf7 34. Rg7+ Ke8 35. Rxh7 Kd7 36. Kc2 Rf6 37. d4 Rxe6 38. Nxe6 Kxe6 39. d5+ Kd6 40. Rxe7 Kxe7 41. Kd3 Kd6 42. Kd4 a5 43. h3 a4 44. a3 Kc7 45. Kc5 Kd7 46. Kxb5 Kd6 47. Kxa4 Kxd5 48. b4 1-0

[Event "Rewal op-B 15th"]
[Site "Rewal"]
[Date "2010.08.25"]
[Round "6"]
[White "Stachura, Blazej"]
[Black "Czornik, Janusz"]
[Result "1/2-1/2"]
[WhiteElo "1859"]
[BlackElo "1853"]
[PlyCount "30"]
[EventDate "2010.08.18"]
[EventType "swiss"]
[EventRounds "9"]
[EventCountry "POL"]
[SourceTitle "EXT 2014"]
[Source "ChessBase"]
[SourceDate "2013.11.20"]
[SourceVersion "1"]
[SourceVersionDate "2013.11.20"]
[SourceQuality "1"]

1. c4 c5 2. Nf3 Nc6 3. d4 cxd4 4. Nxd4 Nf6 5. Nc3 g6 6. g3 Bg7 7. Bg2 0-0 8. Nc2 d6 9. Rb1 Be6 10. b3 a6 11. 0-0 Qc7 12. Bb2 Rae8 13. Nd5 Bxd5 14. cxd5 Na7 15. Bh3 Qc5 1/2-1/2

[Event "Rewal op-B 15th"]
[Site "Rewal"]
[Date "2010.08.24"]
[Round "5"]
[White "Czornik, Janusz"]
[Black "Kiolbasa, Oliwia"]
[Result "1/2-1/2"]
[WhiteElo "1853"]
[BlackElo "1595"]
[PlyCount "89"]
[EventDate "2010.08.18"]
[EventType "swiss"]
[EventRounds "9"]
[EventCountry "POL"]
[SourceTitle "EXT 2014"]
[Source "ChessBase"]
[SourceDate "2013.11.20"]
[SourceVersion "1"]
[SourceVersionDate "2013.11.20"]
[SourceQuality "1"]

1. e4 c5 2. Nf3 e6 3. d4 cxd4 4. Nxd4 a6 5. Nc3 b5 6. Bd3 Bb7 7. 0-0 d6 8. Qe2 Nf6 9. Kh1 Nbd7 10. f4 Qc7 11. Bd2 Be7 12. Rae1 Nc5 13. a3 Rc8 14. b4 Nxd3 15. cxd3 0-0 16. Rf3 Rfd8 17. Rg3 Bf8 18. Rc1 Qe7 19. Rh3 g6 20. Qf3 Bg7 21. Nde2 Nd7 22. Qf2 Nf8 23. Be3 Rc6 24. Bd4 e5 25. fxe5 dxe5 26. Bc5 Qf6 27. Rf3 Qe6 28. Nd5 Re8 29. Nec3 Rcc8 30. Rh3 h5 31. Qd2 Nd7 32. Be3 Kh7 33. Rf3 f6 34. Rff1 Qd6 35. Qf2 Qe6 36. Qh4 Qg4 37. Qxg4 hxg4 38. Rf2 Bxd5 39. Nxd5 Rxc1+ 40. Bxc1 Rc8 41. Be3 Bh6 42. Bc5 Kg7 43. Rc2 Kf7 44. g3 Bf8 45. Ne3 1/2-1/2

[Event "POL-chT U19 2nd League"]
[Site "Chelm Lubelski"]
[Date "2010.07.13"]
[Round "10"]
[White "Czornik, Janusz"]
[Black "Brzezinski, Mateusz"]
[Result "0-1"]
[WhiteElo "1814"]
[BlackElo "1966"]
[PlyCount "86"]
[EventDate "2010.07.06"]
[EventType "team-tourn"]
[EventRounds "11"]
[EventCountry "POL"]
[SourceTitle "EXT 2011"]
[Source "ChessBase"]
[SourceDate "2010.11.26"]
[SourceVersion "1"]
[SourceVersionDate "2010.11.26"]
[SourceQuality "1"]
[WhiteTeam "Gliwice Carbo U19"]
[BlackTeam "Bydgoszcz Hetman U19"]
[WhiteTeamCountry "POL"]
[BlackTeamCountry "POL"]

1. e4 c5 2. Nf3 Nc6 3. d4 cxd4 4. Nxd4 Nf6 5. Nc3 e5 6. Ndb5 d6 7. Bg5 a6 8. Na3 b5 9. Bxf6 gxf6 10. Nd5 f5 11. Bxb5 axb5 12. Nxb5 Ra4 13. Nbc7+ Kd7 14. 0-0 Rxe4 15. Qh5 Nd4 16. Qxf7+ Kc6 17. Nb4+ Kb7 18. Nb5+ Qd7 19. Qd5+ Kb6 20. Nxd4 Rxd4 21. Qb3 Ka7 22. Rad1 Bb7 23. c3 Rxd1 24. Rxd1 Be7 25. Nd5 Qc6 26. a4 Rc8 27. Qc2 Bd8 28. h3 f4 29. Kh2 Qc5 30. Qd2 Qc4 31. Nb4 Bc7 32. Qd3 Qxd3 33. Rxd3 e4 34. Rd4 e3 35. fxe3 fxe3 36. Nc2 Re8 37. Rd3 e2 38. Ne1 d5+ 39. g3 Rf8 40. Rf3 Rxf3 41. Nxf3 d4 42. Ne1 dxc3 43. bxc3 Bb6 0-1

[Event "POL-chT U19 2nd League"]
[Site "Chelm Lubelski"]
[Date "2010.07.12"]
[Round "9"]
[White "Sobolewski, Bartosz"]
[Black "Czornik, Janusz"]
[Result "1-0"]
[WhiteElo "1885"]
[BlackElo "1814"]
[PlyCount "43"]
[EventDate "2010.07.06"]
[EventType "team-tourn"]
[EventRounds "11"]
[EventCountry "POL"]
[SourceTitle "EXT 2011"]
[Source "ChessBase"]
[SourceDate "2010.11.26"]
[SourceVersion "1"]
[SourceVersionDate "2010.11.26"]
[SourceQuality "1"]
[WhiteTeam "Krakow KKSz 1893 U19"]
[BlackTeam "Gliwice Carbo U19"]
[WhiteTeamCountry "POL"]
[BlackTeamCountry "POL"]

1. e4 e6 2. d4 d5 3. Nd2 c5 4. exd5 Qxd5 5. Ngf3 cxd4 6. Bc4 Qd6 7. 0-0 Nf6 8. Nb3 Nc6 9. Nbxd4 Nxd4 10. Nxd4 Bd7 11. Be3 Qc7 12. Bb3 Bd6 13. h3 h5 14. Re1 Bh2+ 15. Kh1 a6 16. Qf3 Be5 17. Rad1 Ng4 18. Kg1 Nxe3 19. Rxe3 Bxd4 20. Rxd4 Bc6 21. Qe2 Rd8 22. Rxe6+ 1-0

[Event "POL-chT U19 2nd League"]
[Site "Chelm Lubelski"]
[Date "2010.07.06"]
[Round "1"]
[White "Czornik, Janusz"]
[Black "Kielbasa, Artur"]
[Result "1-0"]
[WhiteElo "1814"]
[BlackElo "1541"]
[PlyCount "37"]
[EventDate "2010.07.06"]
[EventType "team-tourn"]
[EventRounds "11"]
[EventCountry "POL"]
[SourceTitle "EXT 2019"]
[Source "ChessBase"]
[SourceDate "2018.10.10"]
[SourceVersion "1"]
[SourceVersionDate "2018.10.10"]
[SourceQuality "1"]
[WhiteTeam "Gliwice Carbo U19"]
[BlackTeam "Lesniowice U19"]
[WhiteTeamCountry "POL"]
[BlackTeamCountry "POL"]

1. e4 c5 2. Nf3 d6 3. d4 cxd4 4. Nxd4 Nf6 5. Nc3 g6 6. Be3 Bg7 7. f3 0-0 8. Qd2 Nc6 9. h4 Ne5 10. 0-0-0 Bd7 11. g4 Rc8 12. h5 Qc7 13. Bh6 Bh8 14. Bxf8 Kxf8 15. hxg6 fxg6 16. g5 Nh5 17. Bb5 Bxb5 18. Ne6+ Ke8 19. Nxc7+ 1-0

[Event "Chorzow op"]
[Site "Chorzow"]
[Date "2010.03.26"]
[Round "7"]
[White "Czornik, Janusz"]
[Black "Jelonek, Michal"]
[Result "0-1"]
[WhiteElo "1829"]
[BlackElo "1959"]
[PlyCount "120"]
[EventDate "2010.03.20"]
[EventType "swiss"]
[EventRounds "9"]
[EventCountry "POL"]
[SourceTitle "EXT 2012"]
[Source "ChessBase"]
[SourceDate "2011.11.24"]
[SourceVersion "1"]
[SourceVersionDate "2011.11.24"]
[SourceQuality "1"]

1. e4 c6 2. d4 d5 3. e5 Bf5 4. h4 h6 5. g4 Bd7 6. c4 dxc4 7. Bxc4 e6 8. Nc3 Ne7 9. f4 Nd5 10. Nxd5 cxd5 11. Bb3 Nc6 12. Ne2 Qb6 13. a3 Be7 14. Ba2 h5 15. g5 a5 16. Qb3 Qa7 17. Be3 a4 18. Qd3 g6 19. Nc3 Na5 20. 0-0 0-0 21. Kh2 Qa6 22. Qxa6 Rxa6 23. Rfc1 b5 24. Nd1 Nc4 25. Bxc4 dxc4 26. Bd2 Rd8 27. Ne3 Bc6 28. Bc3 Be4 29. Nc2 Bxc2 30. Rxc2 Kf8 31. Kg3 Ke8 32. Rd2 Rd5 33. Bb4 Bd8 34. Kf3 Kd7 35. Ke4 Kc6 36. Rf2 Rxd4+ 37. Kxd4 Bb6+ 38. Kc3 Bxf2 39. Rd1 Kc7 40. Bd6+ Kc8 41. Kb4 Rc6 42. Kxb5 Rb6+ 43. Kxa4 Rxb2 44. Rc1 Bxh4 45. Rxc4+ Kb7 46. Rc7+ Kb6 47. Rxf7 Bg3 48. Rf6 h4 49. Rxg6 h3 50. Rh6 h2 51. f5 exf5 52. Bb4+ Kc7 53. Bd6+ Kd7 54. g6 Bf4 55. g7 Rg2 56. Rh7 Ke6 57. Bf8 Bxe5 58. Kb5 f4 59. Kc6 f3 60. Rh6+ Kf7 0-1

[Event "Rewal op-B 14th"]
[Site "Rewal"]
[Date "2009.08.28"]
[Round "8"]
[White "Szymanski, Grzegorz"]
[Black "Czornik, Janusz"]
[Result "0-1"]
[WhiteElo "1923"]
[BlackElo "1756"]
[PlyCount "68"]
[EventDate "2009.08.20"]
[EventType "swiss"]
[EventRounds "9"]
[EventCountry "POL"]
[SourceTitle "EXT 2011"]
[Source "ChessBase"]
[SourceDate "2010.11.26"]
[SourceVersion "1"]
[SourceVersionDate "2010.11.26"]
[SourceQuality "1"]

1. e4 e6 2. d4 d5 3. Nd2 c5 4. exd5 Qxd5 5. dxc5 Bxc5 6. Ngf3 Nf6 7. Bc4 Qd6 8. 0-0 Nc6 9. c3 a5 10. Qe2 0-0 11. h3 b6 12. Re1 Bb7 13. Nf1 Qc7 14. Bd3 h6 15. Bd2 Rfd8 16. Rad1 Rd7 17. a3 Rad8 18. Bc2 Bd6 19. Be3 Bf4 20. Rxd7 Rxd7 21. Qb5 Nd5 22. g3 Nxe3 23. Nxe3 Bxg3 24. Qh5 Ne7 25. Nd4 Bh2+ 26. Kf1 Rd8 27. Ng4 Bf4 28. Bb3 Ba6+ 29. Kg1 Bc4 30. Bc2 Qc5 31. Qxc5 bxc5 32. Nf3 Nd5 33. Rd1 Rb8 34. Ne1 f5 0-1

[Event "Rewal op-B 14th"]
[Site "Rewal"]
[Date "2009.08.21"]
[Round "2"]
[White "Czornik, Janusz"]
[Black "Motyl, Tomasz"]
[Result "0-1"]
[WhiteElo "1756"]
[BlackElo "2039"]
[PlyCount "58"]
[EventDate "2009.08.20"]
[EventType "swiss"]
[EventRounds "9"]
[EventCountry "POL"]
[SourceTitle "EXT 2011"]
[Source "ChessBase"]
[SourceDate "2010.11.26"]
[SourceVersion "1"]
[SourceVersionDate "2010.11.26"]
[SourceQuality "1"]

1. e4 g6 2. d4 d6 3. Nf3 Bg7 4. Be3 Nf6 5. Nc3 a6 6. Qd2 b5 7. Bd3 Bb7 8. a3 Nbd7 9. b4 Ng4 10. h3 Nxe3 11. Qxe3 c5 12. 0-0 Rc8 13. Nd5 e6 14. Nf4 cxd4 15. Qe1 0-0 16. Ne2 Qb6 17. a4 d5 18. a5 Qa7 19. Ng3 Ne5 20. Nxe5 Bxe5 21. f4 dxe4 22. fxe5 exd3 23. cxd3 Rc2 24. Ne4 Bxe4 25. Qxe4 Qa8 26. Qg4 Qd5 27. Qg3 Rfc8 28. Rf6 Re2 29. Raf1 Rcc2 0-1

[Event "Chorzow op 45th"]
[Site "Chorzow"]
[Date "2009.04.05"]
[Round "9"]
[White "Czornik, Janusz"]
[Black "Karcz, Bartlomiej"]
[Result "1/2-1/2"]
[WhiteElo "1749"]
[BlackElo "1799"]
[PlyCount "84"]
[EventDate "2009.03.28"]
[EventType "swiss"]
[EventRounds "9"]
[EventCountry "POL"]
[SourceTitle "CBM 129 Extra"]
[Source "ChessBase"]
[SourceDate "2009.05.05"]
[SourceVersion "2"]
[SourceVersionDate "2009.05.20"]
[SourceQuality "1"]

1. e4 e5 2. f4 Nc6 3. Nf3 Nf6 4. Nc3 exf4 5. d4 Bb4 6. Bd3 d6 7. d5 Ne5 8. Bxf4 Bg4 9. Bxe5 dxe5 10. Bb5+ Nd7 11. h3 Bxf3 12. Qxf3 0-0 13. Bxd7 Qxd7 14. g4 Qa4 15. Qd3 Rad8 16. 0-0 Bc5+ 17. Kg2 Qd7 18. Rf5 Qe7 19. Qg3 Bd4 20. Ne2 Bxb2 21. Rb1 g6 22. Rff1 Qb4 23. Qd3 Rd6 24. a3 Qxa3 25. Qxa3 Bxa3 26. Rxb7 c6 27. Rxa7 Bc5 28. Ra6 cxd5 29. Rxd6 Bxd6 30. exd5 Rc8 31. c3 Rc5 32. Rd1 Kg7 33. g5 e4 34. Rd4 f5 35. gxf6+ Kxf6 36. Rxe4 Rxd5 37. Rd4 Rg5+ 38. Rg4 Rc5 39. c4 h5 40. Re4 Kf5 41. Rd4 Be5 42. Ng3+ Bxg3 1/2-1/2

[Event "Chorzow Bak Memorial op"]
[Site "Chorzow"]
[Date "2008.11.21"]
[Round "7"]
[White "Czornik, Janusz"]
[Black "Pinkas, Karol"]
[Result "0-1"]
[WhiteElo "1723"]
[BlackElo "2334"]
[PlyCount "46"]
[EventDate "2008.11.15"]
[EventType "swiss"]
[EventRounds "9"]
[EventCountry "POL"]
[SourceTitle "EXT 2010"]
[Source "ChessBase"]
[SourceDate "2010.11.25"]
[SourceVersion "1"]
[SourceVersionDate "2010.11.25"]
[SourceQuality "1"]

1. e4 e5 2. Nf3 Nc6 3. Bc4 Nf6 4. Ng5 d5 5. exd5 Na5 6. d3 h6 7. Nf3 e4 8. Qe2 Nxc4 9. dxc4 Bc5 10. h3 0-0 11. Nh2 b5 12. cxb5 a6 13. 0-0 axb5 14. Qxb5 Bd4 15. Qb3 c5 16. c4 Qc7 17. Re1 Rb8 18. Qc2 Bxh3 19. Nf1 Bd7 20. Nc3 Ng4 21. Be3 f5 22. Bxd4 cxd4 23. a3 Qxc4 0-1

[Event "POL-chT U19 2nd League"]
[Site "Lublin"]
[Date "2007.07.15"]
[Round "11"]
[White "Czornik, Janusz"]
[Black "Jaskolka, Tomasz"]
[Result "1-0"]
[WhiteElo "1696"]
[BlackElo "1736"]
[PlyCount "41"]
[EventDate "2007.07.07"]
[EventType "team-swiss"]
[EventRounds "11"]
[EventCountry "POL"]
[SourceTitle "EXT 2010"]
[Source "ChessBase"]
[SourceDate "2010.11.25"]
[SourceVersion "1"]
[SourceVersionDate "2010.11.25"]
[SourceQuality "1"]
[WhiteTeam "Gliwice Carbo U19"]
[BlackTeam "Brzozow LKS Brzozowia MOSiR U19"]
[WhiteTeamCountry "POL"]
[BlackTeamCountry "POL"]

1. e4 d5 2. exd5 Qxd5 3. Nc3 Qa5 4. Nf3 Nf6 5. Be2 Bg4 6. 0-0 e6 7. b3 Bd6 8. h3 Bxf3 9. Bxf3 Qe5 10. g3 Bc5 11. Kh1 c6 12. Bb2 Qc7 13. Ne4 Nxe4 14. Bxe4 Nd7 15. Bxg7 Rg8 16. Bb2 f5 17. Qh5+ Kd8 18. Qxh7 Rxg3 19. fxg3 Qxg3 20. Rf3 Qg5 21. Rd3 1-0